Autour de l'Infanterie d'Élite Macédonienne à l'Époque du Royaume Antigonide : cinq études militaires entre histoire, philologie et archéologie /

This work presents five articles relating to military studies in the context of Macedonia of the Antigonids. Combining literary studies and archaeology, the author proposes several new concepts on Hellenistic Macedonian military studies. Articles consider the Macedonian phalanx, Antigonid Redcoats,...

وصف كامل

محفوظ في:

المؤلف الرئيسي: Juhel, Pierre O. (مؤلف)

التنسيق: كتاب الكتروني

اللغة: French

منشور في: Summertown, Oxford : Archaeopress Publishing Ltd, 2017.

الموضوعات:

الوصول للمادة أونلاين: Login to view Source

الوسوم: إضافة وسم

لا توجد وسوم, كن أول من يضع وسما على هذه التسجيلة!

رقم الطلب: U33

LEADER 01927nam a2200385 i 4500
001 EDZ0001947053
003 StDuBDS
005 20230412182058.0
006 m|||||o||d||||||||
007 cr |||||||||||
008 171127s2017 enka fob 000|0|fre|d
020 |a 9781784917333 (ebook) :  |c No price 
040 |a StDuBDS  |b eng  |c StDuBDS  |e rda  |e pn 
050 4 |a U33 
082 0 4 |a 356.10938  |2 23 
100 1 |a Juhel, Pierre O.,  |e author. 
245 1 0 |a Autour de l'Infanterie d'Élite Macédonienne à l'Époque du Royaume Antigonide :  |b cinq études militaires entre histoire, philologie et archéologie /  |c by Pierre O. Juhel. 
264 1 |a Summertown, Oxford :  |b Archaeopress Publishing Ltd,  |c 2017. 
300 |a 1 online resource (x, 278 pages) :  |b illustrations (black and white, and colour) 
336 |a text  |2 rdacontent 
336 |a still image  |2 rdacontent 
337 |a computer  |2 rdamedia 
338 |a online resource  |2 rdacarrier 
500 |a Previously issued in print: 2017. 
504 |a Includes bibliographical references. 
520 8 |a This work presents five articles relating to military studies in the context of Macedonia of the Antigonids. Combining literary studies and archaeology, the author proposes several new concepts on Hellenistic Macedonian military studies. Articles consider the Macedonian phalanx, Antigonid Redcoats, heavy infantry and defensive weaponry. 
521 |a Specialized. 
588 |a Description based on online resource; title from home page (viewed on October 2, 2018). 
650 0 |a Military art and science  |z Greece  |x History  |y To 500. 
650 0 |a Infantry  |x History  |y To 1500. 
776 0 8 |i Print version :  |z 9781784917326 
856 4 0 |3 Archaeopress  |u http://library.arce.org:8087/Archaeopress/Products/9781784917326 
942 |2 lcc  |c EBOOK 
952 |0 0  |1 0  |4 0  |6 U0033  |7 1  |9 46335  |a ARCH  |b ARCH  |d 2023-04-12  |l 0  |o U33  |r 2023-04-12 00:00:00  |w 2023-04-12  |y EBOOK 
999 |c 51993  |d 51993